=LDR 00000nam 2200000 4500 =001 INLIS000000000039432 =990 ##$$a 21106471 =005 20130612145047 =008 ***********************************ind** =035 ##$$a0010-061300000039432 =041 ##$$a ind =082 ##$$a 813.081 =090 ##$$a 813.081, Sha z.1 =100 ##$$a SHANOWER, Eric =245 ##$$a Zaman perunggu jilid 3 A penghianatan, Bagian pertama, Eric shonower;Alih bahasa, Rosemary kesauli;Editor, tanti lesmana =260 ##$$a 2009 $b Jakarta =300 ##$$a 175 Hlm, Ilus, 26 cm =650 ##$$a FIKSI HISTORIS =700 ##$$a KESAULI, Rosemary =850 ##$$a NBPNMAT =990 ##$$a 21195554/BPAP-NTB/2014